00491 2200181 4500001002100000005001500021008004100036020001800077035001900095041000700114082001600121090001600137100001900153245007900172260002700251300002100278650001000299INLIS00000000000075020241224112226241224||||||||| | ||| |||| || |  a979-3335-54-8 0010-1224000750 aid0 a2x3.5 CHO m a2x3.5 CHO m0 aAchmad Chodjim00aMembangun Surga : bagaimana hidup damai di bumi agar damai pula di akhirat aJakartabSerambic2004 a368 hlm,;24,3 cm 0aAgama